|
|
|
|
| LEADER |
00000nam0a2200000 4500 |
| 001 |
127165 |
| 005 |
20250826094803.0 |
| 010 |
|
|
|a 5278003049
|
| 035 |
|
|
|a (RuTPU)RU\TPU\book\137549
|
| 090 |
|
|
|a 127165
|
| 100 |
|
|
|a 20071210d1990 km y0rusy50 ca
|
| 101 |
0 |
|
|a rus
|
| 102 |
|
|
|a RU
|
| 105 |
|
|
|a a z 000zy
|
| 200 |
1 |
|
|a Теннис-90
|e альманах
|f под ред. О. Д. Спасского
|
| 210 |
|
|
|a Москва
|c Физкультура и спорт
|d 1990
|
| 215 |
|
|
|a 160 с.
|c ил.
|
| 333 |
|
|
|a Исключено из фонда НТБ ТПУ
|
| 610 |
1 |
|
|a спорт
|
| 610 |
1 |
|
|a теннис
|
| 610 |
1 |
|
|a теннисные турниры
|
| 610 |
1 |
|
|a биографии
|
| 610 |
1 |
|
|a проза
|
| 610 |
1 |
|
|a стихи
|
| 675 |
|
|
|a 796
|v 3
|
| 702 |
|
1 |
|a Спасский
|b О. Д.
|g Олег Дмитриевич
|4 340
|
| 801 |
|
1 |
|a RU
|b 63413507
|c 20071210
|g PSBO
|
| 801 |
|
2 |
|a RU
|b 63413507
|c 20071211
|g PSBO
|
| 942 |
|
|
|c BK
|